Piła - quiz wielokrotnego wyboru - Statystyki

Ogólne statystyki
  • Ten quiz został rozwiązany 29 razy
  • Średni wynik to 7 z 10
Statystyki odpowiedzi
Zagadnienie Odpowiedź % Poprawnych
Jaka rzeka przepływa przez Piłę? Gwda
95%
W jakim sporcie klub Polonia Piła odnosił sukcesy? (Drużynowy Mistrz Polski 1999) żużel
95%
Kto z poniższych osób urodził się w Pile i przedstawiany jest na wielu pomnikach? Stanisław Staszic
91%
W jakim województwie znajdowała się Piła w latach 1975-1998? pilskie
86%
Która formacja mundurowa posiada swoją szkołę w Pile? policja
68%
Który z poniższych obiektów nie znajduje się w Inowrocławiu?
64%
W jakim regionie leży Piła? Krajna
59%
Który król Polski nadał Pile prawa miejskie? Zygmunt I Stary
50%
Kto jest autorem piosenki o tytule: „Piłem w Spale, spałem w Pile”? Artur Andrus
32%
Skąd pochodzi nazwa miasta? od lokalnego młyna wodnego
27%
Nie znaleziono quizów pasujących do podanych kryteriów
Rozkład punktacji
Procent ludzi z każdym wynikiem
Percentyl według liczby udzielonych odpowiedzi
Twoja historia wyników
Nie rozwiązałeś tego quizu